LEADER 00997nlm 2200265Ia 450 001 996427547503316 005 20210716102242.0 100 $a19840124d1653---- uy | 101 0 $aeng 102 $aUK 135 $adrcnu 200 1 $a<> safest convoy, or, The strongest helper$edeclared in a valedictory sermon before the Right Honourable Sr. Thomas Bendish, Baronet, His Majesties ambassadour ...$fdeliverd by Nathanaell Hardy 210 1 $aLondon$cPrinted for Nathanael Web and William Grantham$d1653 215 $aTesto elettronico (PDF) ([4], 26 p.) 230 $aBase dati testuale 300 $aRiproduzione dell'originale nella Union Theological Seminary Library, New York. 606 0 $aSermoni$yGran Bretagna$zSec. 17.$2BNCF 676 $a274.1 700 1$aHARDY,$bNathaniel$f1618-1670.$0821523 801 0$bcba$aIT$bcba$gREICAT 912 $a996427547503316 959 $aEB 969 $aER 996 $aSafest convoy, or, The strongest helper$91829395 997 $aUNISA LEADER 01170nam a2200313 i 4500 001 991000767459707536 005 20020507173331.0 008 931004s1986 ||| ||| | eng 020 $a3540164901 035 $ab10754489-39ule_inst 035 $aLE01302019$9ExL 040 $aDip.to Matematica$beng 082 0 $a515.94 084 $aAMS 14-XX 084 $aAMS 32-XX 100 1 $aGrauert, Hans$011924 245 10$aComplex analysis and algebraic geometry :$bproc. of a conf. held in Göttingen, June 25 - July 2, 1985 /$ced. H. Grauert 260 $aBerlin :$bSpringer-Verlag,$c1986 300 $a235 p. ;$c24 cm. 490 0 $aLecture notes in mathematics,$x0075-8434 ;$v1194 500 $aConference/Meeting Göttingen 1985 650 4$aAlgebraic geometry$xCongresses 650 4$aComplex variables$xCongresses 907 $a.b10754489$b23-02-17$c28-06-02 912 $a991000767459707536 945 $aLE013 32-XX GRA12 (1986)$g1$i2013000004600$lle013$o-$pE0.00$q-$rl$s- $t0$u0$v0$w0$x0$y.i10848617$z28-06-02 996 $aComplex analysis and algebraic geometry$9911265 997 $aUNISALENTO 998 $ale013$b01-01-93$cm$da $e-$feng$gxx $h0$i1 LEADER 01034nam a2200265 i 4500 001 991001559439707536 005 20251120114739.0 008 971107s1992 it er |01 e ita 020 $a887949001X 035 $ab10868938-39ule_inst 035 $aLE02371732$9ExL 040 $aDip.to Studi Storici$bita 082 04$a347.4575 100 1 $aMartino, Franco$0531008 245 13$aLe corti di appello di Altamura, Trani, Bari :$bl'ordinamento giudiziario nell'Ottocento in Puglia, l'avvocato nella vita sociale del tempo /$cFranco Martino 260 $aBari :$bLevante,$c[1992] 300 $a291 p. ;$c24 cm 440 3$aLa Puglia nei documenti ;$v2 650 4$aGiustizia$zBari $ySec. 19. 907 $a.b10868938$b23-11-11$c28-06-02 912 $a991001559439707536 945 $aLE023 347.457 MAR 1 1$g1$i2023000039359$lle023$o-$pE0.00$q-$rl$s-$t0$u1$v0$w1$x0$y.i10977387$z28-06-02 996 $aCorti di appello di Altamura, Trani, Bari$9908305 997 $aUNISALENTO 998 $ale023$b01-01-97$cm$da$e-$fita$git$h3$i1